000 00674nam a2200205 a 4500
005 20240924070705.0
008 991125s1959 mx 000 0 spa u
035 _aUPN01000024220
049 _aCG
050 4 _aHQ561
_bG6.3
100 1 _aGómez Robleda, José
245 1 3 _aLa familia y la casa /
_cpor J. Gómez Robleda y Ada D'Aloja ; fots. Santiago Mar Zúñiga.
260 _aMéxico :
_bUNAM, Instituto de Investigaciones Sociales,
_c1959.
300 _a152 p., [5] h. de láms
440 0 _aCuadernos de sociología.
_pBiblioteca de ensayos
650 4 _aFamilias
_zMéxico
_918194
650 4 _aHogar
_923810
700 1 _aD'Aloja, Ada,
_ecoaut.
905 _aLibro
999 _c24220
_d24220